[Event "Titled Tue 20th May Early"]
[Site "chess.com INT"]
[Date "2025.05.20"]
[Round "3"]
[White "Krutko, Anatoly"]
[Black "Nitish, Belurkar"]
[Result "1-0"]
[WhiteTitle "FM"]
[BlackTitle "IM"]
[WhiteElo "2397"]
[BlackElo "2454"]
[WhiteFideId "4185862"]
[BlackFideId "5084768"]
[EventDate "2025.05.20"]

1. d4 c5 2. d5 e6 3. Nc3 Nf6 4. e4 d6 5. Be2 g6 6. Nf3 Bg7 7. O-O O-O 8. Nd2 a6
9. a4 exd5 10. exd5 Nfd7 11. Nc4 Ne5 12. Bf4 Re8 13. Re1 Bf5 14. Qd2 b6 15. Ne3
Bc8 16. Nc4 Ra7 17. Bf1 Rae7 18. Bg5 Nxc4 19. Bxc4 f6 20. Bf4 Bf8 21. f3 Nd7 22.
Ne4 Re5 23. Bxe5 Nxe5 24. Bf1 f5 25. Ng5 Bh6 26. h4 Rf8 27. f4 Nf7 28. Ne6 Qxh4
29. Qf2 Qxf2+ 30. Kxf2 Re8 31. g3 Bd7 32. Bxa6 Ra8 33. Bb5 Bc8 34. a5 bxa5 35.
Ra4 Rb8 36. c4 Bg7 37. Nxg7 Kxg7 38. Re7 Kf6 39. Rc7 g5 40. Rxa5 Nh6 41. Raa7
gxf4 42. gxf4 Kg6 43. Rg7+ Kh5 44. Be8+ Kh4 45. Rxh7 Kg4 46. Rxh6 Kxf4 47. Rxd6
Rxb2+ 48. Ke1 Rb1+ 49. Kd2 Rb2+ 50. Kc3 Re2 51. Rd8 Re3+ 52. Kd2 Re4 53. Rxc8
Rxc4 54. Rd8 Rd4+ 55. Kc3 Re4 56. d6 Ke3 57. d7 Rd4 58. Rc8 Rd3+ 59. Kc4 f4 60.
d8=Q Rd4+ 61. Qxd4+ cxd4 62. Ra3+ Ke4 63. Rd8 Ke5 64. Rxd4 f3 65. Rxf3 Ke6 66.
Re3+ Kf6 67. Bb5 Kg6 68. Rdd3 Kg5 69. Re1 Kh6 70. Rd2 Kh5 71. Rg1 Kh4 72. Rh2# 1-0

[Event "Titled Tue 20th May Early"]
[Site "chess.com INT"]
[Date "2025.05.20"]
[Round "3"]
[White "Starosta, Martyna"]
[Black "Paduano, Claudio"]
[Result "0-1"]
[WhiteTitle "WFM"]
[BlackTitle "FM"]
[WhiteElo "2182"]
[BlackElo "2249"]
[WhiteFideId "21818754"]
[BlackFideId "2806393"]
[EventDate "2025.05.20"]

1. d4 Nf6 2. c4 e6 3. Nc3 Bb4 4. e3 O-O 5. Bd2 b6 6. Bd3 Bb7 7. Nf3 d5 8. cxd5
exd5 9. Ne5 c5 10. O-O Nc6 11. a3 Ba5 12. Nxc6 Bxc6 13. Rc1 Qe7 14. Re1 Rfe8 15.
Bb1 Rac8 16. Bf5 Rcd8 17. Ne2 Bxd2 18. Qxd2 c4 19. Ng3 b5 20. Bb1 g6 21. Ne2 Rb8
22. Nf4 g5 23. Ne2 b4 24. Ng3 a5 25. Nf5 Qe6 26. h4 Ne4 27. Bxe4 dxe4 28. Ng3
gxh4 29. Ne2 c3 30. bxc3 b3 31. Nf4 Qg4 32. d5 Bd7 33. c4 Qg5 34. c5 b2 35. Rb1
Qe5 36. c6 Bg4 37. d6 Rb6 38. d7 Rd8 39. Qd5 Qc7 40. Qg5+ Kf8 41. Qxg4 Rxc6 42.
Qf5 Qxd7 43. Qxh7 Qd2 44. Qh8+ Ke7 45. Qe5+ Kf8 46. Qh8+ Ke7 47. Qxh4+ Kf8 48.
Qh8+ Ke7 49. Qxb2 Rc2 50. Qe5+ Kf8 51. Qxe4 Qxf2+ 52. Kh2 Rd6 53. Qa8+ Kg7 54.
Qf3 Rh6+ 55. Nh3 Qxf3 0-1

[Event "Titled Tue 20th May Early"]
[Site "chess.com INT"]
[Date "2025.05.20"]
[Round "3"]
[White "Rustamov, Rustam"]
[Black "Chiang, Jacob"]
[Result "1-0"]
[WhiteTitle "FM"]
[WhiteElo "2323"]
[BlackElo "2006"]
[WhiteFideId "13440110"]
[BlackFideId "30962331"]
[EventDate "2025.05.20"]

1. e4 c5 2. Nf3 d6 3. d4 cxd4 4. Nxd4 Nf6 5. Nc3 Nc6 6. Be2 e5 7. Nf5 d5 8. Bg5
d4 9. Bxf6 gxf6 10. Nb1 Rg8 11. O-O Bxf5 12. exf5 Qd7 13. Bd3 O-O-O 14. Nd2 Be7
15. a3 Kb8 16. b4 h5 17. Qe2 h4 18. Nc4 Qc7 19. Rab1 b6 20. Qf3 Rc8 21. Rb2 Nd8
22. a4 Qc6 23. Qxc6 Nxc6 24. Rfb1 Nd8 25. Nd2 Nb7 26. a5 Nd6 27. axb6 axb6 28.
Ra2 Rc3 29. Rba1 Rgc8 30. Ne4 Nxe4 31. Bxe4 Kc7 32. Ra7+ Kd8 33. Rb7 Bxb4 34.
Rxf7 Be7 35. g3 hxg3 36. hxg3 b5 37. Ra7 R3c7 38. Ra6 b4 39. Rb6 Ke8 40. Rh7 Kf8
41. Kg2 Kg8 42. Rh6 Kg7 43. Rg6+ Kf8 44. Bd5 Ke8 45. Rg8+ Bf8 46. Rxf6 Ke7 47.
Re6+ Kd7 48. Reg6 Rxc2 49. Be6+ Ke7 50. Bxc8 Rxc8 51. Re6+ Kf7 52. Rh8 d3 53.
Rh7+ Kg8 54. Rd7 Rc3 55. Rxe5 b3 56. Rb5 Bh6 57. Rb8+ Bf8 58. Rdd8 b2 59. Rxb2
Kf7 60. Rb7+ Be7 61. Rdd7 d2 62. Rxe7+ Kf6 63. Rf7+ Ke5 64. Rfd7 Rc2 65. f6 Kxf6
66. Rb3 Ke5 67. Rbd3 Ke6 68. Rxd2 Rc4 69. R7d6+ Ke5 70. R6d3 Kf6 71. Re3 Kf5 72.
Rd5+ Kf6 73. Rf3+ Ke6 74. Rdd3 Ke5 75. Rf4 Rc7 76. Re3+ 1-0

[Event "Titled Tue 20th May Early"]
[Site "chess.com INT"]
[Date "2025.05.20"]
[Round "3"]
[White "Kjaergaard-Jensen, Jesper"]
[Black "Przybylski, Bartosz"]
[Result "0-1"]
[WhiteTitle "CM"]
[BlackTitle "CM"]
[WhiteElo "2081"]
[BlackElo "2107"]
[WhiteFideId "1406990"]
[BlackFideId "21878323"]
[EventDate "2025.05.20"]

1. d4 d6 2. Nf3 Nf6 3. c3 Bf5 4. Bg5 Nbd7 5. Nbd2 h6 6. Bh4 c6 7. h3 Qb6 8. Nc4
Qc7 9. Ne3 Bh7 10. Bg3 b5 11. Ng4 Ne4 12. Bh2 Qa5 13. Nd2 h5 14. Ne3 Ndf6 15.
Nb3 Qb6 16. f3 Ng5 17. Bg1 Qc7 18. h4 Ne6 19. d5 Nc5 20. dxc6 Qxc6 21. Nd4 Qd7
22. Nec2 e5 23. Nb3 Ne6 24. e4 Be7 25. g3 O-O 26. Ne3 Rfd8 27. Bh3 d5 28. exd5
Nxd5 29. Nxd5 Qxd5 30. Qxd5 Rxd5 31. Bxe6 fxe6 32. Be3 a5 33. Rd1 a4 34. Nd2
Rad8 35. Ke2 Bd3+ 36. Kf2 Bc2 37. Rc1 Bf5 38. Ne4 a3 39. bxa3 Bxa3 40. Rc2 Rd1
41. Rxd1 Rxd1 42. Rd2 Rxd2+ 43. Bxd2 Kf8 44. Ke2 Ke7 45. Kd3 Kd7 46. Ke3 Kc6 47.
Be1 Bg6 48. Kd3 Be8 49. Nd2 Kb6 50. Nb3 Bc6 51. Ke3 Bd5 52. Bd2 Bb2 53. Ke2 Bc4+
54. Ke3 Kc7 55. Ke4 Kd6 56. Na5 Bd5+ 57. Ke3 Bxa2 58. Ke2 Bd5 59. c4 bxc4 60.
Bb4+ Kc7 61. Bc5 c3 62. Be3 Bc4+ 0-1

[Event "Titled Tue 20th May Early"]
[Site "chess.com INT"]
[Date "2025.05.20"]
[Round "3"]
[White "Barria Zuniga, Daniel"]
[Black "Piddubna, Bozhena"]
[Result "1-0"]
[WhiteTitle "IM"]
[BlackTitle "WFM"]
[WhiteElo "2341"]
[BlackElo "2174"]
[WhiteFideId "3400816"]
[BlackFideId "34109293"]
[EventDate "2025.05.20"]

1. d4 Nf6 2. c4 e6 3. Nf3 b6 4. g3 Bb7 5. Bg2 Be7 6. Nc3 O-O 7. Qc2 d6 8. e4
Nbd7 9. O-O e5 10. b3 a5 11. Bb2 Qb8 12. Rad1 Qa7 13. Rfe1 Rad8 14. h3 Qa8 15.
Kh2 Rfe8 16. a3 Bf8 17. d5 Bc8 18. b4 Ba6 19. Bf1 Rb8 20. Bc1 g6 21. Be3 Bg7 22.
Nd2 Nh5 23. Be2 Nhf6 24. Rb1 h5 25. Bd3 Kh7 26. Nb5 Bxb5 27. cxb5 Qb7 28. Rec1
axb4 29. axb4 Rec8 30. Nf3 Ne8 31. Ng5+ Kg8 32. Qc6 Ndf6 33. Ra1 Nh7 34. Nf3 Nf8
35. Nd2 Kh7 36. Nc4 Qxc6 37. bxc6 Nf6 38. Ra7 Bh6 39. Bxh6 Kxh6 40. Rca1 Ne8 41.
Na3 Nh7 42. Nb5 Ng5 43. h4 Nf3+ 44. Kg2 Nd4 45. Nxd4 exd4 46. f4 Nf6 47. Kf3 Ng4
48. b5 Ne3 49. R1a4 Ng4 50. Rxd4 Ra8 51. Rda4 Rxa7 52. Rxa7 Nh2+ 53. Ke2 Ng4 54.
Kd2 Kg7 55. Bf1 f5 56. e5 dxe5 57. d6 Kf6 58. Rxc7 Rd8 59. d7 exf4 60. gxf4 Nf2
61. Bg2 Ke7 62. Rb7 Ng4 63. Rxb6 Nf6 64. Ra6 Kd6 65. b6 Kc5 66. b7 Nxd7 67. cxd7
Rxd7+ 68. Ke3 Re7+ 69. Kf2 Re8 70. Ra8 Rxa8 71. bxa8=Q 1-0

[Event "Titled Tue 20th May Early"]
[Site "chess.com INT"]
[Date "2025.05.20"]
[Round "3"]
[White "Jaskolka, Tomasz"]
[Black "Murawski, Jan"]
[Result "1/2-1/2"]
[WhiteTitle "CM"]
[BlackTitle "CM"]
[WhiteElo "2200"]
[BlackElo "2191"]
[WhiteFideId "1170791"]
[BlackFideId "21009287"]
[EventDate "2025.05.20"]

1. d4 Nf6 2. Bf4 c6 3. e3 Qb6 4. Qc1 Nh5 5. Bg5 Qa5+ 6. Nc3 Qxg5 7. Nf3 Qa5 8.
Bc4 d5 9. Bd3 Nf6 10. Ne5 g6 11. O-O Bg7 12. f4 O-O 13. f5 Nbd7 14. fxg6 hxg6
15. Nf3 Qc7 16. Qe1 e5 17. Ng5 e4 18. Be2 Nh7 19. Nxh7 Kxh7 20. Qh4+ Kg8 21. Rf4
Qd8 22. Qg3 Nf6 23. Raf1 Nh7 24. h4 Bh6 25. Rxf7 Rxf7 26. Qxg6+ Rg7 27. Qxh6 Qe7
28. Rf4 Be6 29. Nxe4 dxe4 30. Rxe4 Qf6 31. Qxf6 Nxf6 32. Rxe6 Nd5 33. c4 Nc7 34.
Rd6 Re8 35. Kf2 Ne6 36. Bh5 Rf8+ 37. Bf3 Re7 38. Ke2 Rd8 39. Rxd8+ Nxd8 40. e4
Nf7 41. e5 c5 42. Kd3 cxd4 43. Kxd4 Nxe5 44. Bd5+ Kg7 45. b4 Nc6+ 46. Kc5 Nd8
47. Kd6 Kf6 48. a4 Nf7+ 49. Kc5 Rc7+ 50. Kd4 b6 51. a5 Ne5 52. axb6 axb6 53. c5
bxc5+ 54. bxc5 Rg7 55. c6 Rc7 56. Kc5 Ke7 57. Be4 Nf7 58. Bd5 Nd6 59. g4 Rc8 60.
g5 Rh8 61. g6 Rxh4 62. g7 Rg4 63. g8=Q Rxg8 64. Bxg8 Nc8 65. Bd5 Kd8 66. Bf3 Kc7
67. Kb5 Ne7 68. Ka6 Nxc6 1/2-1/2

[Event "Titled Tue 20th May Early"]
[Site "chess.com INT"]
[Date "2025.05.20"]
[Round "3"]
[White "Mayaud, Raphael"]
[Black "Trifan, Andrei Ioan"]
[Result "1/2-1/2"]
[WhiteTitle "CM"]
[BlackTitle "FM"]
[WhiteElo "2126"]
[BlackElo "2321"]
[WhiteFideId "627151"]
[BlackFideId "12967068"]
[EventDate "2025.05.20"]

1. d4 Nf6 2. Bg5 d5 3. Bxf6 exf6 4. e3 Bd6 5. c4 dxc4 6. Bxc4 O-O 7. Nf3 c6 8.
O-O Nd7 9. Nc3 f5 10. Qc2 Nf6 11. Rfd1 g6 12. a4 a5 13. h3 Qe7 14. d5 Bd7 15.
Qb3 Rab8 16. dxc6 bxc6 17. Qc2 Rfd8 18. Rd3 f4 19. Rad1 Bf5 20. e4 Nxe4 21. Nd4
Nxc3 22. Nxf5 Ne2+ 23. Kf1 gxf5 24. Qxe2 Qf6 25. b3 Bc5 26. Rxd8+ Rxd8 27. Rxd8+
Qxd8 28. Qd3 Qf6 29. Ke2 Qb2+ 30. Qd2 Qe5+ 31. Kf1 Kg7 32. Qe2 Qa1+ 33. Qe1 Qd4
34. Qe2 Bb4 35. Qd3 Qa1+ 36. Ke2 Qe5+ 37. Kf3 Bc5 38. Qe2 Qc3+ 39. Qd3 Qb2 40.
Qe2 Qd4 41. g3 fxg3 42. Kxg3 Bd6+ 43. Kg2 Qf4 44. Qf3 Qg5+ 45. Kf1 Qc1+ 46. Kg2
Qg5+ 47. Kf1 h6 48. Qg2 Kf6 49. Qxg5+ hxg5 50. Kg2 Kg6 51. f3 f6 52. Be6 f4 53.
Bc4 f5 54. Bd3 Kf6 55. Bc4 Ke5 56. Bg8 Kd4 57. Bh7 Kc3 58. Bg8 Be5 59. Be6 Bd4
60. Kh2 Be3 61. Kg2 Bd2 62. Bf7 Be3 63. Be6 Bb6 64. Bf7 Bc7 65. Be6 Bd6 66. Bf7
Kd4 67. Be6 Ke5 68. Bf7 Kd4 69. Be6 g4 70. hxg4 fxg4 71. Bxg4 Kc3 72. Be6 Bc5
73. Bc4 Be3 74. Bf7 Kb4 75. Bc4 Kc5 76. Bf7 Kd4 77. Bc4 c5 78. Bf7 Ke5 79. Bc4
Kd6 80. Bf7 Ke7 81. Bc4 Kf6 82. Bd5 Ke5 83. Bc4 Kf6 84. Bd5 Ke7 85. Bc4 Kd6 86.
Bf7 Ke7 87. Bc4 1/2-1/2

[Event "Titled Tue 20th May Early"]
[Site "chess.com INT"]
[Date "2025.05.20"]
[Round "3"]
[White "Kozlov, Oleg"]
[Black "Mikhalsky, Vladimir"]
[Result "1-0"]
[WhiteTitle "IM"]
[WhiteElo "2253"]
[BlackElo "2219"]
[WhiteFideId "4104544"]
[BlackFideId "14144352"]
[EventDate "2025.05.20"]

1. Nf3 c5 2. e4 Nc6 3. d4 cxd4 4. Nxd4 Nf6 5. Nc3 e5 6. Ndb5 d6 7. Bg5 a6 8. Na3
b5 9. Nd5 Be7 10. Bxf6 Bxf6 11. c3 Bg5 12. Nc2 O-O 13. a4 Rb8 14. axb5 axb5 15.
Bd3 g6 16. O-O Be6 17. Ncb4 Qc8 18. Nxc6 Qxc6 19. Nb4 Qb7 20. Ra5 Bd7 21. Bc2
Bd8 22. Ra6 Bc7 23. Qd2 Rfd8 24. Rfa1 Ra8 25. Qd5 Rxa6 26. Rxa6 Qb8 27. Bb3 Be6
28. Qd1 Qb7 29. Bd5 Qc8 30. Qd3 Qd7 31. Ra7 Rc8 32. Bc6 Qd8 33. Bxb5 Bb6 34. Ra6
Bc5 35. Nc2 Qh4 36. Ne3 f5 37. Bc4 Bxc4 38. Qxc4+ Kh8 39. exf5 Qxc4 40. Nxc4
gxf5 41. Nxd6 Bxd6 42. Rxd6 Ra8 43. g3 Ra1+ 44. Kg2 Rb1 45. b4 e4 46. Rd5 Rc1
47. Rc5 Rc2 48. Kf1 Kg7 49. b5 Kf6 50. b6 Rb2 51. Rc6+ Ke5 52. c4 Kd4 53. c5 e3
54. fxe3+ Kxe3 55. Rf6 Rb1+ 56. Kg2 Rb2+ 57. Kh3 Ke4 58. c6 Rxb6 59. c7 Rxf6 60.
c8=Q Rh6+ 61. Kg2 Rg6 62. Qc2+ Ke5 63. Kf3 Rd6 64. Qc3+ Ke6 65. Qc4+ Kf6 66. Kf4
Re6 67. Qd4+ Kg6 68. Qd5 1-0

[Event "Titled Tue 20th May Early"]
[Site "chess.com INT"]
[Date "2025.05.20"]
[Round "3"]
[White "Rozum, Ivan"]
[Black "Vokhidov, Shamsiddin"]
[Result "0-1"]
[WhiteTitle "GM"]
[BlackTitle "GM"]
[WhiteElo "2439"]
[BlackElo "2641"]
[WhiteFideId "24104272"]
[BlackFideId "14204223"]
[EventDate "2025.05.20"]

1. Nf3 Nf6 2. b3 c5 3. Bb2 Nc6 4. e3 g6 5. d4 cxd4 6. exd4 d5 7. Bd3 Bf5 8. Bxf5
gxf5 9. O-O e6 10. Nbd2 Bg7 11. Ne5 Rc8 12. a3 O-O 13. Ndf3 Ne4 14. Qd3 Ne7 15.
Qe2 Ng6 16. Nxg6 hxg6 17. Ne5 Qc7 18. Rac1 Nc3 19. Qd3 Bh6 20. Rce1 Ne4 21. Re2
Kg7 22. c4 Rfd8 23. c5 b6 24. b4 a5 25. f3 Nf6 26. Bc1 Bxc1 27. Rxc1 axb4 28.
axb4 bxc5 29. bxc5 Ra8 30. Rb2 Ra4 31. Rcb1 Ra7 32. Rb6 Nd7 33. Rc6 Qa5 34. Qe3
Nxe5 35. Qxe5+ Kh7 36. h3 Qd2 37. Kh2 Rda8 38. Rcb6 Ra2 39. Rg1 R2a4 40. Rb7 Kg8
41. Rb8+ Rxb8 42. Qxb8+ Kh7 43. c6 Rc4 44. Qb7 Kg7 45. Qc7 Qxd4 46. Qd6 Qc3 47.
Rb1 Rxc6 48. Qd8 Qe5+ 49. Kh1 Qc7 50. Qa8 Rc1+ 51. Rxc1 Qxc1+ 52. Kh2 Qf4+ 53.
Kh1 Qe5 54. Qc6 d4 55. Qc4 Qe1+ 56. Kh2 Qc3 57. Qe2 d3 58. Qe3 f4 59. Qxf4 d2
60. Qa4 Qe5+ 61. f4 Qe2 62. Qd4+ Kh7 63. Qd7 Kg7 64. Qd4+ e5 65. fxe5 d1=Q 0-1

[Event "Titled Tue 20th May Early"]
[Site "chess.com INT"]
[Date "2025.05.20"]
[Round "3"]
[White "Terkiewicz, Bruno"]
[Black "Srihari, L"]
[Result "0-1"]
[WhiteTitle "CM"]
[BlackTitle "IM"]
[WhiteElo "2183"]
[BlackElo "2353"]
[WhiteFideId "21093245"]
[BlackFideId "46642056"]
[EventDate "2025.05.20"]

1. c4 Nf6 2. b3 g6 3. Bb2 Bg7 4. g3 O-O 5. Bg2 c5 6. e3 Nc6 7. Ne2 d6 8. O-O Rb8
9. Nbc3 a6 10. d4 Bd7 11. Qd2 b5 12. dxc5 dxc5 13. cxb5 axb5 14. Rfd1 Qa5 15. a4
bxa4 16. Rxa4 Qb6 17. Nd5 Nxd5 18. Bxg7 Kxg7 19. Bxd5 Rfd8 20. h4 Nb4 21. Raa1
Bg4 22. e4 Nxd5 23. exd5 Qxb3 24. Rac1 Qb2 25. Rxc5 Bxe2 26. Rc2 Qxc2 27. Qxc2
Bxd1 28. Qxd1 Rd7 29. h5 Rbd8 30. Qa1+ f6 31. hxg6 hxg6 32. Qe1 Kf8 33. Qe4 Kg7
34. Qe6 Rc7 35. Kg2 Rd6 36. Qe4 Rcd7 37. f3 Rxd5 38. g4 Re5 39. Qf4 Rd3 40. Kg3
Ree3 41. Qb4 Rxf3+ 42. Kg2 Rfe3 43. Kf2 Re5 44. Qc4 Rd6 45. Kf3 Rde6 46. Qd4
Re3+ 47. Kf2 Re2+ 48. Kf1 R2e4 49. Qd5 Rf4+ 50. Kg2 Rxg4+ 51. Kf3 Rge4 52. Qd7
g5 53. Qe8 Rf4+ 54. Kg3 Re3+ 55. Kg2 Rd4 56. Qh5 Rd2+ 57. Kf1 Rc3 58. Ke1 Ra2
59. Qd1 Rh3 60. Qd5 Rh1+ 61. Qxh1 Ra1+ 62. Kf2 Rxh1 0-1

[Event "Titled Tue 20th May Early"]
[Site "chess.com INT"]
[Date "2025.05.20"]
[Round "3"]
[White "Tari, Aryan"]
[Black "Scheglov, Gleb"]
[Result "1-0"]
[WhiteTitle "GM"]
[BlackTitle "FM"]
[WhiteElo "2636"]
[BlackElo "2318"]
[WhiteFideId "1510045"]
[BlackFideId "34356266"]
[EventDate "2025.05.20"]

1. e4 c6 2. d4 d5 3. exd5 cxd5 4. c3 Nf6 5. Bd3 g6 6. Nf3 Bg7 7. O-O O-O 8. Re1
Nc6 9. h3 Bf5 10. Bf1 a6 11. Bf4 Ne4 12. Nbd2 Re8 13. Bh2 e5 14. Nxe5 Nxe5 15.
Bxe5 Bxe5 16. dxe5 Qb6 17. Nxe4 dxe4 18. Qd4 Qc7 19. g4 Rad8 20. Qe3 Bd7 21.
Qxe4 Bc6 22. Qe3 Rd5 23. f4 g5 24. Rad1 gxf4 25. Qxf4 Qb6+ 26. Qf2 Qxf2+ 27.
Kxf2 Rxd1 28. Rxd1 Rxe5 29. Bd3 h5 30. gxh5 Rxh5 31. Rg1+ Kf8 32. Rg3 Ke7 33.
Be2 Rh6 34. Bf3 Bxf3 35. Rxf3 Rb6 36. b3 Rh6 37. Kg3 Rg6+ 38. Kf4 Rg2 39. a4 Rb2
40. b4 Ke6 41. Ke4 Rh2 42. a5 f6 43. Kd4 f5 44. c4 Rd2+ 45. Rd3 Rb2 46. Kc3 Rb1
47. Re3+ Kf6 48. Re8 f4 49. Rb8 Ke6 50. h4 Rh1 51. Kd3 Kf5 52. Rxb7 Rh3+ 53. Kd4
Rxh4 54. b5 f3+ 55. Kc5 Rf4 56. Rd7 axb5 57. cxb5 f2 58. Rd1 f1=Q 59. Rxf1 Rxf1
60. a6 Rc1+ 61. Kb6 Ke6 62. a7 Ra1 63. Kb7 Kd7 64. a8=Q Rxa8 65. Kxa8 Kc7 66.
Ka7 Kc8 67. b6 1-0

[Event "Titled Tue 20th May Early"]
[Site "chess.com INT"]
[Date "2025.05.20"]
[Round "3"]
[White "Shubhi Gupta"]
[Black "Gilfanov, Marat I"]
[Result "1/2-1/2"]
[WhiteTitle "WFM"]
[BlackTitle "FM"]
[WhiteElo "2187"]
[BlackElo "2379"]
[WhiteFideId "25195425"]
[BlackFideId "34372164"]
[EventDate "2025.05.20"]

1. d4 Nf6 2. Nf3 g6 3. c4 Bg7 4. Nc3 O-O 5. Bg5 d6 6. e3 h6 7. Bh4 g5 8. Bg3 Nh5
9. Bd3 f5 10. Nd2 Nxg3 11. hxg3 e5 12. dxe5 dxe5 13. Qe2 e4 14. Bc2 c6 15. Rd1
Qe7 16. g4 fxg4 17. Ndxe4 Na6 18. a3 Be6 19. Bb1 Rad8 20. O-O Nc5 21. b4 Nxe4
22. Nxe4 b6 23. c5 Bd5 24. Nd6 g3 25. Qc2 Rxf2 26. Rxf2 gxf2+ 27. Qxf2 Rf8 28.
Qd2 bxc5 29. bxc5 Be5 30. Nf5 Qf6 31. e4 Be6 32. Rf1 Bf4 33. Qd3 Bxf5 34. exf5
Rd8 35. Qe4 Kf8 36. Ba2 Re8 37. Qc4 Kg7 38. g3 Be3+ 39. Kg2 Bd4 40. Rd1 Rd8 41.
Kh1 g4 42. Qe6 Qxe6 43. fxe6 Kf6 44. Rf1+ Ke7 45. Rf7+ Ke8 46. Bb1 Bxc5 47. Bg6
Rd5 48. Rxa7+ Kd8 49. Rd7+ Rxd7 50. exd7 Bxa3 51. Bf5 c5 52. Bxg4 c4 53. Be6 c3
54. Bf5 Ke7 55. Kg2 Bd6 56. Kf3 Be5 57. g4 Bf6 58. Ke2 Bg5 59. Kd3 Bd2 60. Kc2
Kd8 61. Kd3 Be1 62. Kc2 Kc7 63. Kd3 Bd2 64. Kc2 Kd8 65. Kd3 Be1 66. Kc2 Ke7 67.
Kd3 Bd2 68. Kc2 Be1 69. Kd3 Kd8 1/2-1/2

[Event "Titled Tue 20th May Early"]
[Site "chess.com INT"]
[Date "2025.05.20"]
[Round "3"]
[White "Niemann, Hans Moke"]
[Black "Zou, Chen"]
[Result "1/2-1/2"]
[WhiteTitle "GM"]
[BlackTitle "IM"]
[WhiteElo "2736"]
[BlackElo "2443"]
[WhiteFideId "2093596"]
[BlackFideId "8610959"]
[EventDate "2025.05.20"]

1. e4 e6 2. d4 d5 3. e5 c5 4. c3 Nc6 5. Nf3 Qb6 6. g3 cxd4 7. cxd4 Nge7 8. Bh3
Bd7 9. Nc3 Ng6 10. O-O Be7 11. Re1 Rc8 12. Rb1 O-O 13. Bg4 Rfd8 14. h4 Ncxe5 15.
dxe5 Rxc3 16. h5 Nf8 17. Be3 Rxe3 18. fxe3 h6 19. Kg2 Bc6 20. Nd4 Nd7 21. Bxe6
fxe6 22. Qg4 Bg5 23. Qxe6+ Kh8 24. b4 Nf8 25. Qf7 Bd7 26. b5 Ne6 27. Nf5 Be8 28.
Nxh6 Bxf7 29. Nxf7+ Kg8 30. Nxd8 Qxd8 31. Rbd1 Nc7 32. a4 Qe7 33. e4 d4 34. Rxd4
Qxe5 35. Rd7 Ne6 36. Rxb7 Kh7 37. Rd7 Bf6 38. Rd5 Qb2+ 39. Kf1 Ng5 40. e5 Nf3
41. exf6 Nxe1 42. f7 Qf6+ 43. Kxe1 Qxf7 44. Rd4 Qe7+ 45. Kd2 Qc5 46. Kd3 Qf5+
47. Kc4 Qe6+ 48. Kc5 Qb6+ 49. Kc4 a6 50. g4 axb5+ 51. axb5 Qc7+ 52. Kb4 Qb6 53.
Rc4 Qd6+ 54. Ka4 Qb6 55. g5 Qa7+ 56. Kb4 Qb6 57. Rc6 Qd4+ 58. Ka5 Qa7+ 59. Ra6
Qc7+ 60. Kb4 Qe7+ 61. Ka4 Qe4+ 62. Ka5 Qe5 63. h6 Qxg5 64. hxg7 Qxg7 65. Rc6
Qa7+ 66. Kb4 Qd4+ 67. Ka5 Qa7+ 68. Kb4 Qd4+ 69. Rc4 Qb6 70. Rc6 Qd4+ 1/2-1/2

[Event "Titled Tue 20th May Early"]
[Site "chess.com INT"]
[Date "2025.05.20"]
[Round "3"]
[White "Tahbaz, Arash"]
[Black "Piesik, Piotr"]
[Result "0-1"]
[WhiteTitle "IM"]
[BlackTitle "IM"]
[WhiteElo "2462"]
[BlackElo "2436"]
[WhiteFideId "12528846"]
[BlackFideId "1136194"]
[EventDate "2025.05.20"]

1. Nf3 d5 2. g3 c6 3. Bg2 Bg4 4. O-O Nd7 5. h3 Bh5 6. d3 e6 7. Nbd2 Bd6 8. b3
Ne7 9. Bb2 O-O 10. c4 a5 11. a3 f6 12. Qc2 Rc8 13. e4 e5 14. d4 dxe4 15. Nxe4
Bb8 16. dxe5 Nxe5 17. Nxe5 Bxe5 18. Bxe5 fxe5 19. c5 Nf5 20. Qb2 Nd4 21. g4 Bg6
22. Nd6 Rc7 23. f4 Bd3 24. Rf2 Rxf4 25. Rxf4 Ne2+ 26. Kh2 exf4 27. Qd2 Ba6 28.
b4 Qh4 29. Nf5 Qf6 30. Re1 g6 31. Qd6 Qxd6 32. Nxd6 axb4 33. axb4 Re7 34. Bf3
Re3 35. Kg2 Nd4 36. Rxe3 fxe3 37. Be4 Kg7 38. g5 Kf8 39. h4 Ke7 40. Kg3 Ke6 41.
Bb1 Ke5 42. Nf7+ Ke6 43. Nh6 Bc4 44. Be4 Ke5 45. Bb1 Bd5 46. Ng4+ Ke6 47. Nxe3
Ne2+ 48. Kf2 Nc3 49. Bd3 Ke5 50. Bc2 Be6 51. Bd3 Na2 52. Nc2 Bb3 53. h5 Kf4 54.
Bxg6 hxg6 55. h6 Bg8 56. Nd4 Kxg5 57. Ne6+ Kxh6 58. Nd8 Nxb4 59. Nxb7 Bd5 60.
Ke3 Kg5 61. Kd4 Kf6 62. Nd6 Na6 63. Ne8+ Kf5 64. Nd6+ Kf4 65. Nc4 Bxc4 66. Kxc4
Ke4 67. Kb3 Kd5 68. Ka4 Nxc5+ 69. Ka5 g5 70. Kb6 g4 71. Ka5 g3 72. Kb6 g2 73.
Ka5 g1=Q 74. Kb6 Qb1+ 75. Ka5 Qa2+ 76. Kb6 Qa6+ 77. Kc7 Qb7+ 78. Kd8 Qd7# 0-1

[Event "Titled Tue 20th May Early"]
[Site "chess.com INT"]
[Date "2025.05.20"]
[Round "3"]
[White "Priasmoro, Novendra"]
[Black "Mishra, Abhimanyu"]
[Result "0-1"]
[WhiteTitle "GM"]
[BlackTitle "GM"]
[WhiteElo "2437"]
[BlackElo "2605"]
[WhiteFideId "7105029"]
[BlackFideId "30920019"]
[EventDate "2025.05.20"]

1. d4 d5 2. Nf3 Nf6 3. Bf4 c5 4. e3 Nc6 5. Nbd2 cxd4 6. exd4 Bf5 7. Bb5 e6 8.
Ne5 Qb6 9. c4 Qxd4 10. Qa4 Qxf4 11. Bxc6+ Kd8 12. Qa5+ b6 13. Qc3 d4 14. Qg3
Qxg3 15. hxg3 Rc8 16. Nxf7+ Ke7 17. Nxh8 Rxc6 18. f3 h5 19. O-O g5 20. g4 Bd3
21. Rfe1 Bg7 22. Rad1 Bxh8 23. Nb3 Bxc4 24. Nxd4 Rc8 25. gxh5 Nxh5 26. Nf5+ Kf6
27. Nd6 Rc6 28. Nxc4 Rxc4 29. Rd6 Nf4 30. g3 Nd5 31. Rexe6+ Kf7 32. Rh6 Bd4+ 33.
Kh2 Rc2+ 34. Kh3 Nf6 35. Rxd4 Rxb2 36. Rd6 g4+ 37. fxg4 Ne4 38. Rh7+ Kg8 39.
Rhd7 Nxd6 40. Rxd6 Rxa2 41. Rd7 Ra5 42. Rc7 a6 43. Rb7 Rb5 44. Kh4 a5 45. g5 a4
46. Kh5 Rd5 47. Kh6 Rd8 48. Rxb6 Ra8 49. Rb1 a3 50. Ra1 a2 51. g6 Ra6 52. g4 Ra7
53. g7 Ra5 54. g5 Ra6+ 55. g6 Ra5 56. Rd1 Ra8 57. Ra1 Ra7 58. Rd1 Ra8 59. Ra1
Ra4 60. Rd1 Rh4+ 61. Kg5 Rd4 62. Ra1 Ra4 63. Kf5 Kxg7 64. Ke5 Kxg6 65. Kd5 Kf5
66. Kc5 Ke4 67. Kb5 Ra8 68. Kb4 Kd3 69. Kb3 Rb8+ 70. Ka4 Kc3 0-1

[Event "Titled Tue 20th May Early"]
[Site "chess.com INT"]
[Date "2025.05.20"]
[Round "3"]
[White "Zhauynbay, Alimzhan"]
[Black "Karttunen, Mika"]
[Result "0-1"]
[WhiteTitle "CM"]
[BlackTitle "IM"]
[WhiteElo "2077"]
[BlackElo "2490"]
[WhiteFideId "13782657"]
[BlackFideId "502081"]
[EventDate "2025.05.20"]

1. e4 e6 2. d4 d5 3. e5 c5 4. c3 Nc6 5. Nf3 Qb6 6. Bd3 Bd7 7. O-O cxd4 8. Re1
Nh6 9. h4 Nf5 10. Bxf5 exf5 11. cxd4 h6 12. Nc3 Be6 13. Re3 Rc8 14. Ne2 g6 15.
Ne1 Be7 16. g3 g5 17. hxg5 hxg5 18. Nf3 f4 19. gxf4 gxf4 20. Rb3 Qa6 21. Bxf4
Kd7 22. Bg3 Rcg8 23. Nf4 Rg4 24. Rc1 Rhg8 25. Nd3 b6 26. a3 Na5 27. Rbc3 Bd8 28.
Nb4 Qb5 29. Kg2 Bf5 30. Qd2 Be4 31. Re1 Nc4 32. Qe2 a6 33. b3 Nxa3 34. Qxb5+
Nxb5 35. Rce3 a5 36. Nd3 Bxf3+ 37. Rxf3 Ke6 38. Nf4+ Rxf4 39. Rxf4 Be7 40. Rf3
Nxd4 41. Rd3 Bc5 42. f4 Nf5 43. Kh3 Rh8+ 44. Kg4 Rg8+ 45. Kh3 d4 46. Rc1 Rh8+
47. Kg2 Ne3+ 48. Kf3 Kd5 49. Bf2 Rh3+ 50. Ke2 Ke4 51. Bxe3 dxe3 52. Rc4+ Kf5 53.
Rd5 Rh2+ 54. Ke1 Rh1+ 55. Ke2 Rh2+ 56. Kf3 Rf2+ 57. Kg3 e2 58. e6+ Kxe6 59. Re5+
Kd6 60. Rce4 Rf1 61. Rxe2 Rb1 62. Rd2+ Kc6 63. Rf5 Rxb3+ 64. Kg4 a4 65. Rxf7 a3
66. Ra7 b5 67. f5 Bxa7 68. f6 Rb4+ 69. Kg3 Bb8+ 70. Kg2 Rf4 71. Rc2+ Kb6 0-1